Miraculous Ladybug, Les Kwamis - Statistiques

Statistiques générales
  • Ce quiz a été pris 1 066 fois
  • Le résultat moyen est 11 sur 20
Statistiques - réponses
Par images Réponse % Correct
Tikki
99%
Plagg
92%
Pollen
81%
Trixx
76%
Sass
73%
Nooroo
67%
Wayzz
60%
Fluff
57%
Mullo
51%
Kaalki
48%
Longg
48%
Duusu
47%
Roarr
46%
Xuppu
46%
Barkk
45%
Orikko
41%
Stompp
38%
Ziggy
33%
Daizzi
30%
Liiri
23%
Aucun quiz correspondant
Distribution des résultats
% des personnes avec chaque résultat
Percentile par nombre de réponses
Votre historique - résultats
Vous n’avez pas pris ce quiz